Statistics for Pompeii - Bastille - All Lyrics

Click here to take the quiz!

General Stats

  • This quiz has been taken 143 times
  • The average score is 311 of 362

Answer Stats

Answer% Correct
I
99%
we
99%
We
99%
do
98%
the
98%
an
97%
Eh,
97%
eheu,
97%
eheu
97%
Oh,
97%
(Oh,
97%
Oh-oh,
97%
And
95%
and
95%
you
95%
down
94%
if
94%
If
94%
it
94%
love
94%
that
94%
all?
93%
all
93%
city
93%
in
93%
In
93%
like
93%
your
93%
be
92%
close
92%
eyes,
92%
nothing
92%
at
91%
But
91%
does
91%
feel
90%
almost
89%
been
88%
to
87%
you've
87%
walls
86%
here
85%
tumbling
85%
before?
84%
changed
84%
kept
84%
was
84%
my
81%
from
80%
over
80%
this?
80%
above
78%
am
78%
hills
78%
hills,
78%
our
77%
own
77%
where
77%
How
76%
how
76%
about
75%
darkness
75%
optimist
74%
clouds
73%
gonna
73%
left
73%
bringing
71%
devices
71%
of
71%
show
70%
with
70%
were
69%
lost
67%
Many
66%
roll
65%
away
63%
begin,
61%
days
60%
Grey
59%
fell
57%
sins?
56%
sins?)
56%
or
53%
us
53%
going
52%
around
51%
rubble
50%
vices
48%
up
44%
as
43%
caught
42%
settled
39%
dust
38%
pose
27%

Score Distribution

Percentile by Number Answered

Percent of People with Each Score

Your Score History

You have not taken this quiz